[Event "EU-ch U10 26th"]
[Site "Prague"]
[Date "2016.08.26"]
[Round "8"]
[White "Hrbek, Stepan"]
[Black "Yudin, Mikhail"]
[Result "1-0"]
[WhiteElo "1760"]
[BlackElo "1530"]
[PlyCount "120"]
[EventDate "2016.08.18"]
[EventType "swiss"]
[EventRounds "9"]
[EventCountry "CZE"]
[SourceTitle "CBM 174 Extra"]
[Source "ChessBase"]
[SourceDate "2016.10.10"]
[SourceVersion "1"]
[SourceVersionDate "2016.10.10"]
[SourceQuality "1"]

1. d4 Nf6 2. c4 d6 3. Nc3 e5 4. dxe5 dxe5 5. Qxd8+ Kxd8 6. Nf3 Nfd7 7. Be3 c6 8. 0-0-0 Kc7 9. Ng5 Be7 10. Nce4 Bxg5 11. Nxg5 Rf8 12. Nxh7 Rh8 13. Ng5 Rf8 14. g3 Na6 15. Bh3 Nb6 16. Bxb6+ axb6 17. Bxc8 Raxc8 18. Rd2 Nc5 19. b4 Nd7 20. Rhd1 Nf6 21. f3 Ra8 22. Ne4 Ra4 23. Nxf6 gxf6 24. Rb2 c5 25. Rd5 Re8 26. bxc5 Rxc4+ 27. Rc2 Kc6 28. Rd6+ Kxc5 29. Rxf6 Rxc2+ 30. Kxc2 Re7 31. h4 e4 32. Rf5+ Kd6 33. f4 Kc6 34. Re5 Rxe5 35. fxe5 Kd5 36. Kd2 Kxe5 37. Ke3 f5 38. h5 Kf6 39. Kf4 e3 40. h6 Kg6 41. h7 Kxh7 42. Kxf5 Kh6 43. Kf4 Kh5 44. a4 b5 45. axb5 b6 46. Kxe3 Kg4 47. Kd4 Kxg3 48. e4 Kf4 49. e5 Kf5 50. Kd5 Kg6 51. Kd6 Kg7 52. Kd7 Kf7 53. e6+ Kf6 54. e7 Ke5 55. e8Q+ Kd5 56. Qc8 Kd4 57. Kd6 Kd3 58. Kd5 Kd2 59. Ke4 Ke2 60. Qc2+ Kf1 1-0

[Event "EU-ch U10 26th"]
[Site "Prague"]
[Date "2016.08.25"]
[Round "7"]
[White "Yudin, Mikhail"]
[Black "Kienboeck, Benjamin"]
[Result "1-0"]
[WhiteElo "1530"]
[BlackElo "1434"]
[PlyCount "113"]
[EventDate "2016.08.18"]
[EventType "swiss"]
[EventRounds "9"]
[EventCountry "CZE"]
[SourceTitle "CBM 174 Extra"]
[Source "ChessBase"]
[SourceDate "2016.10.10"]
[SourceVersion "1"]
[SourceVersionDate "2016.10.10"]
[SourceQuality "1"]

1. e4 e5 2. Nf3 Nc6 3. d4 exd4 4. Nxd4 Bc5 5. Nb3 Bb6 6. Nc3 Nf6 7. Qe2 d6 8. Be3 Bxe3 9. Qxe3 Qe7 10. 0-0-0 Bd7 11. f3 0-0-0 12. g4 h6 13. Bb5 Kb8 14. h4 a6 15. Be2 Be6 16. Nd4 Nxd4 17. Rxd4 Rd7 18. Rh2 h5 19. g5 Nh7 20. f4 Rhd8 21. Bxh5 g6 22. Bf3 Bf5 23. Re2 Re8 24. Nd5 Qd8 25. Qf2 Be6 26. Nc3 Rh8 27. Re1 Qc8 28. Bg2 Rdd8 29. Rf1 c5 30. Rd2 Bc4 31. Rfd1 Qe6 32. a3 f6 33. Qf3 fxg5 34. hxg5 Qc8 35. e5 d5 36. Nxd5 Bxd5 37. Rxd5 Rxd5 38. Qxd5 Rf8 39. Qd6+ Ka7 40. Qxg6 Qc7 41. Qd6 Qxd6 42. exd6 b5 43. g6 Nf6 44. Bd5 Kb8 45. c4 Rd8 46. Bf7 Kc8 47. d7+ Kc7 48. Be6 Nh5 49. Rd5 Nxf4 50. Rxc5+ Kd6 51. Rc8 Nxe6 52. Rxd8 Nxd8 53. g7 Kxd7 54. g8Q bxc4 55. Qxc4 a5 56. Qa4+ Kd6 57. Qxa5 1-0

[Event "Marienske Lazne op 15th"]
[Site "Marianske Lazne"]
[Date "2016.01.19"]
[Round "5"]
[White "Yudin, Mikhail"]
[Black "Matzeit, Meinhard"]
[Result "1-0"]
[WhiteElo "1423"]
[BlackElo "1920"]
[PlyCount "69"]
[EventDate "2016.01.16"]
[EventType "swiss"]
[EventRounds "9"]
[EventCountry "CZE"]
[SourceTitle "CBM 170 Extra"]
[Source "ChessBase"]
[SourceDate "2016.02.25"]
[SourceVersion "1"]
[SourceVersionDate "2016.02.25"]
[SourceQuality "1"]

1. e4 c5 2. Nf3 d6 3. d4 cxd4 4. Nxd4 Nf6 5. Nc3 a6 6. Be2 e6 7. 0-0 Be7 8. f4 Qc7 9. Be3 b5 10. Bf3 Bb7 11. a3 0-0 12. Kh1 h6 13. g4 Nh7 14. Rg1 Qd8 15. Qd2 g5 16. e5 Bxf3+ 17. Nxf3 dxe5 18. Nxe5 Qxd2 19. Bxd2 Rd8 20. Be3 Bf6 21. Rad1 Rxd1 22. Rxd1 Bxe5 23. Rd8+ Nf8 24. fxe5 Kg7 25. Bb6 Nfd7 26. Bc7 f6 27. exf6+ Kxf6 28. Ne4+ Ke7 29. Nd6 a5 30. Nc8+ Kf6 31. Nb6 Nxb6 32. Bxb6 Ke7 33. Bc7 Na6 34. Rxa8 Nxc7 35. Rh8 1-0